| 000 | 00441nam a2200169 a 4500 | ||
|---|---|---|---|
| 005 | 20140310183653.0 | ||
| 008 | 041028s19uu xx 00 eng d | ||
| 050 |
_aTR 267 _b.G74 2003 |
||
| 100 | _aGreenberg, Steven | ||
| 245 | _aThe complete idiot's guide to photography like a pro /. | ||
| 250 | _a2nd ed. | ||
| 300 |
_a367 p. : _bil. ; _c26 cm |
||
| 521 | _aMC | ||
| 650 | _aPhotography. | ||
| 942 |
_cBK _2lcc _kFOR |
||
| 999 |
_c26112 _d26112 |
||